Verejné rozpočty
Salvato in:
| Autore principale: | |
|---|---|
| Ente Autore: | |
| Altri autori: | , , |
| Natura: | Libro |
| Lingua: | slovacco |
| Pubblicazione: |
Bratislava
Vydavateľstvo EKONÓM
2005
|
| Soggetti: | |
| Tags: |
Nessun Tag, puoi essere il primo ad aggiungerne!!
|
MARC
| LEADER | 00000nam$a2200000$$$4500 | ||
|---|---|---|---|
| 001 | 0035949 | ||
| 005 | 20240502071449.5 | ||
| 020 | |a 80-225-2077-2 | ||
| 041 | 0 | |a slo | |
| 044 | |a SK | ||
| 245 | 1 | 0 | |a Verejné rozpočty |c Kornélia Beličková a kolektív |
| 264 | 1 | |a Bratislava |b Vydavateľstvo EKONÓM |c 2005 | |
| 300 | |a 309 s. | ||
| 610 | 2 | 0 | |a rozpočty verejné |
| 610 | 2 | 0 | |a sústava rozpočtová |
| 610 | 2 | 0 | |a modely |
| 610 | 2 | 0 | |a porovnanie medzinárodné |
| 610 | 2 | 0 | |a politika rozpočtová |
| 610 | 2 | 0 | |a rozpočty |
| 610 | 2 | 0 | |a obce |
| 610 | 2 | 0 | |a organizácie rozpočtové |
| 610 | 2 | 0 | |a organizácie príspevkové |
| 610 | 2 | 0 | |a majetok národný |
| 610 | 2 | 0 | |a poisťovne sociálne |
| 610 | 2 | 0 | |a školy vysoké |
| 610 | 2 | 0 | |a poisťovne zdravotné |
| 610 | 2 | 0 | |a integrácia ekonomická medzinárodná |
| 610 | 2 | 0 | |a príjmy |
| 610 | 2 | 0 | |a výdavky |
| 610 | 2 | 0 | |a pravidlá rozpočtové |
| 610 | 2 | 0 | |a rozpočet štátny |
| 610 | 2 | 0 | |a vývoj |
| 610 | 2 | 0 | |a príjmy rozpočtu štátneho |
| 610 | 2 | 0 | |a veritelia |
| 610 | 2 | 0 | |a pokladnica štátna |
| 610 | 2 | 0 | |a politika fiškálna |
| 610 | 2 | 0 | |a Slovensko |
| 610 | 2 | 0 | |a Európska únia |
| 100 | 1 | |a Beličková, Kornélia, 1966- | |
| 700 | 1 | |a Baláži, Peter | |
| 700 | 1 | |a Jančovič, Ľuboš | |
| 700 | 1 | |a Vincúrová, Zuzana | |
| 710 | 2 | |a Ekonomická univerzita v Bratislave. Národohospodárska fakulta | |